| 000 | 01082aam a2200385 4500 | ||
|---|---|---|---|
| 005 | 20250625140922.0 | ||
| 008 | 150721b2016 xxu||||| |||| 00| 0 spa d | ||
| 020 | _a9786076226940 | ||
| 041 | _aESP | ||
| 082 | _a658.404.028.5 SO714p | ||
| 100 | _aSoriano Domenech, Roberto | ||
| 245 | _aProject 2016: curso práctico paso a paso | ||
| 260 | _aMéxico | ||
| 260 | _bAlfaomega | ||
| 260 | _c2016 | ||
| 300 | _a257 páginas | ||
| 490 | _aDirección y Administración de Empresas | ||
| 650 | _aGERENCIA DE PROYECTOS | ||
| 650 | _aPROCESAMIENTO DE DATOS | ||
| 650 | _aAPLICACIONES DE COMPUTADORAS | ||
| 650 | _aPROJECT | ||
| 650 | _aGESTIÓN DE PROYECTOS | ||
| 650 | _aCREAR UN PROYECTO | ||
| 650 | _aMANEJO DE LA HERRAMIENTA | ||
| 650 | _aVISTAS Y TABLAS | ||
| 650 | _aPLANIFICACIÓN DE TAREAS | ||
| 650 | _aCALENDARIO DEL PROYECTO | ||
| 650 | _aGESTIÓN DE RECURSOS | ||
| 650 | _aGESTIÓN DE PERSONAS Y RECURSOS MATERIALES | ||
| 650 | _aGESTIÓN DE COSTOS | ||
| 650 | _aSEGUIMIENTO | ||
| 650 | _aINFORMES | ||
| 650 | _aMACROS | ||
| 942 |
_cBK _2ddc |
||
| 999 |
_c6437 _d6437 |
||